00577nam a2200193Ia 4500003000900000008004100009020001800050040001600068080001600084245010100100260003400201300002300235650001700258650001200275650002200287700002500309700002400334700002500358IN-BaIIA211028s9999 xx 000 0 eng d a0-7503-0355-7 cIIA Library a53bTWE-III 0aTwentieth century physicsbvol. IIIcedited by Laurie M. Brown, Abraham Pais, Sir Brian Pippard. aBristolbIOP Publishingc1995 a[various pagings.] a20th Century aPhysics aTwentieth century aLaurie M Brown., ed. aPais, Abraham., ed. aPippard, Brian., ed.